000
00344nam a2200169Ia 4500
100
_a
Boylestad/Robert L
650
_a
EDC
250
_a
11
942
_c
BK
366
_f
20
245
_a
Electronic devices and circuit theory
260
_b
Pearson Education
_c
2015
082
_b
BOY
300
_a
932
546
_a
ENGLISH
999
_c
27754
_d
27754